Paroles Life -Hamza - Statistiques

Statistiques générales
  • Ce quiz a été pris 458 fois
  • Le résultat moyen est 283 sur 499
Statistiques - réponses
Answers % Correct
à
93%
de
89%
Je
84%
avant
83%
Avant
83%
Just
83%
partie
82%
Que
82%
que
82%
gens
80%
me
80%
J'faisais
79%
bye
77%
j'ai
77%
dise
75%
d"ces
74%
d'ces
74%
juste
74%
Juste
74%
ma
74%
avec
73%
ce
73%
graille
73%
qu'elle
73%
se
71%
life
70%
un
70%
affamés
69%
besoin
69%
coeur
69%
jamais
69%
le
69%
tu
69%
Tu
69%
quand
68%
qu'je
68%
riche
68%
tout
68%
On
67%
Qui
67%
bitch
66%
prêt
65%
d'son
64%
faire
64%
fly
64%
j'suis
64%
J'suis
64%
toutes
62%
nouvelle
61%
pas
61%
pire
61%
pour
61%
m'disait
60%
sur
60%
dans
59%
m'intoxique
59%
moi
59%
console
58%
J'm'isole
58%
J'misole
58%
drogues
57%
J'me
57%
sortes
57%
souvent
57%
chez
56%
la
55%
plus
55%
s'ras
55%
mon
54%
nouveau
54%
savoir
54%
temps
54%
terrain
54%
une
54%
vivre
54%
qu'ils
53%
c'qui
52%
sont
51%
woke up
51%
Bellagio
50%
Benz
50%
du
50%
50%
ou
50%
truc
50%
d'golf
49%
spliff
49%
b'soin
48%
J'aimerais
48%
J'vis
48%
si
48%
Si
48%
mais
47%
mal
47%
comme
46%
sais
46%
ton
45%
main
44%
Tomber
44%
tomber
44%
charme
43%
et
43%
prêts
43%
âme
42%
c'est
42%
mif
42%
motherfuck'
42%
sous
42%
Hors
41%
J'sais
41%
rien
41%
peu
40%
ciel
39%
ta
39%
Il
38%
jour
38%
surement
38%
en
37%
veulent
37%
baisser
36%
biff
36%
crève
36%
j'tomberai
36%
rageux
36%
tiendra
36%
vide
36%
baiser
34%
mort
34%
prennent
34%
p'tit
34%
qu'ça
34%
voudraient
34%
Whisky
34%
autant
33%
fou
33%
larmes
33%
qu'j'ai
33%
bien
32%
crame
32%
Kylie
32%
t'fait
32%
âgé
31%
Fuck
31%
les
31%
money
31%
rester
31%
tes
31%
dernières
30%
Elle
30%
j'préfère
30%
J'vendrais
30%
qu'ces
30%
voir
30%
qu'ma
29%
sang
29%
vous
29%
couler
28%
fort
28%
MILF
28%
être
27%
qu'elles
27%
l'meilleur
26%
Minogue
26%
maintenant
25%
tort
24%
bébé
23%
sinon
23%
m'faut
22%
non
22%
veux
22%
devant
21%
Souhaite-moi
21%
Bentley
20%
coupe
20%
Féfé
20%
froc
20%
Jeep
20%
Jenner
20%
j'vais
20%
bloc
19%
gang
19%
minute
18%
motherfuckin'
18%
pourquoi
18%
m'aimer
17%
braisé
16%
j'veux
16%
lui
16%
Poulet
16%
croit
15%
Dis-moi
14%
Souviens-toi
14%
cash
13%
prendre
13%
top
13%
d'où
12%
qu'j'vais
12%
c'tait
11%
j'viens
11%
d'vant
9%
l'stock
8%
informés
2%
maintant
1%
sias
1%
ec'esjugétt
0%
Aucun quiz correspondant
Distribution des résultats
% des personnes avec chaque résultat
Percentile par nombre de réponses
Votre historique - résultats
Vous n’avez pas pris ce quiz